|
|
|
|
| LEADER |
00000nam0a2200000 4500 |
| 001 |
333024 |
| 005 |
20231102004520.0 |
| 035 |
|
|
|a (RuTPU)RU\TPU\book\359019
|
| 090 |
|
|
|a 333024
|
| 100 |
|
|
|a 20170606d1958 m y0rusy50 ca
|
| 101 |
0 |
|
|a rus
|
| 102 |
|
|
|a RU
|
| 105 |
|
|
|a a z 001zd
|
| 200 |
1 |
|
|a Искусство
|e книга для чтения по истории живописи, скульптуры, архитектуры
|f сост. М. В. Алпатов ; сост. Н. Н. Ростовцев
|
| 210 |
|
|
|a Москва
|c Государственное учебно-педагогическое издательство
|d 1958
|
| 215 |
|
|
|a 512 с.
|c ил.
|
| 320 |
|
|
|a Указатель имен и произведений: с. 475-496
|
| 320 |
|
|
|a Список иллюстраций: с. 497-504
|
| 606 |
1 |
|
|a Искусство
|x История
|2 stltpush
|3 (RuTPU)RU\TPU\subj\13188
|9 39839
|
| 610 |
1 |
|
|a история
|
| 610 |
1 |
|
|a живопись
|
| 610 |
1 |
|
|a скульптура
|
| 610 |
1 |
|
|a архитектура
|
| 610 |
1 |
|
|a первобытное искусство
|
| 610 |
1 |
|
|a Древний мир
|
| 610 |
1 |
|
|a Средневековое искусство
|
| 610 |
1 |
|
|a Западная Европа
|
| 610 |
1 |
|
|a 17 век
|
| 610 |
1 |
|
|a 18 век
|
| 610 |
1 |
|
|a 19 век
|
| 610 |
1 |
|
|a русское искусство
|
| 610 |
1 |
|
|a советское искусство
|
| 610 |
1 |
|
|a художники
|
| 610 |
1 |
|
|a скульпторы
|
| 610 |
1 |
|
|a архитекторы
|
| 610 |
1 |
|
|a биографии
|
| 675 |
|
|
|a 7.03(09)
|v 4
|
| 702 |
|
1 |
|a Алпатов
|b М. В.
|g Михаил Владимирович
|4 220
|
| 702 |
|
1 |
|a Ростовцев
|b Н. Н.
|g Николай Николаевич
|4 220
|
| 801 |
|
1 |
|a RU
|b 63413507
|c 20170606
|
| 801 |
|
2 |
|a RU
|b 63413507
|c 20201026
|g RCR
|
| 942 |
|
|
|c BK
|